Quién es quién (enzimas del piruvato edition) - Estadísticas

Estadísticas generales
  • Esta prueba ha sido intentada 7 veces
  • La puntuación promedio es 11 de 24
Estadísticas de respuestas
Pregunta Respuesta % Correcto
En su acción crea las siguientes moléculas: 1) Carboxi-Pi 2) Carboxibiotina 3) “carboxipiruvato Piruvato carboxilasa
100%
Está compuesta de E1, E2 (dihidrolipoil transacetilasa) y E3 (dihidrolipoil deshidrogenasa) Piruvato DH
100%
Inhibida por ATP, PFK1, acetil coA, alanina Piruvato quinasa
100%
Cataliza la conversión de piruvato a oxalacetato Piruvato carboxilasa
67%
Usa el grupo prostético FAD+ Piruvato DH
67%
Tiene un brazo oscilante Piruvato DH
67%
Activada por una fosfatasa (inducida por insulina), inducida por AMP, PEP, Piruvato y Ca2+ (en músculo) Piruvato DH
67%
Es inactivo como dímero y activo como tetrámero Piruvato quinasa
67%
Participa en el efecto Warburg Piruvato quinasa
67%
En ocasiones inhibida por glucagón a través de PKA Piruvato quinasa
67%
Está relacionado con el papel anaplerótico del ciclo de krebs Piruvato carboxilasa
33%
Tiene una biotina unida covalentemente a una lisina de un brazo oscilante Piruvato carboxilasa
33%
Usa el grupo prostético lipoamida Piruvato DH
33%
Tiene 3 reacciones seguidas: 1. DESCARBOXILACION OXIDATIVA DEL PIRUVATO 2. OXIDACION DEL HIDROETILO A ACETILO 3. TRANSFERENCIA DEL ACETILO AL CoA 4. REGENERACION DEL ACIDO LIPOICO Piruvato DH
33%
Inactivada por una quinasa (inducida por ayuno y glucagón), inhibición por NADH, AcetilCoA y ATP Piruvato DH
33%
Usa el grupo prostético TPP (TIAMINA PIROFOSFATO) Piruvato DH
33%
Cataliza la conversión de piruvato en AcetilCoA Piruvato DH
33%
Es un complejo multienzimático Piruvato DH
33%
Tiene isoformas L (hígado), R (eritrocitos) y M1/M2 (otros tejidos) Piruvato quinasa
33%
Activada por F16BP y PEP Piruvato quinasa
33%
Cataliza la conversión de PEP a enolpiruvato con la producción de un ATP, y de este a piruvato Piruvato quinasa
33%
Es una enzima bifuncional 🤓 Piruvato carboxilasa
0%
Usa de cofactores a la coenzima A y a NAD+ Piruvato DH
0%
Da un poco de mal rollo porque su estructura parece una cara Piruvato DH
0%
No se encontraron pruebas coincidentes
Distribución de puntuación
Porcentaje de gente con cada puntuación
Porcentaje por número respondido
Historial de tus puntuaciones
No has intentado esta prueba.